02343cam a22003135a 45000010009000000050017000090080041000260100017000670200018000840400033001020430012001350820020001471000045001672450073002122500013002852600062002983000027003605000024003875040033004115051244004446500046016886500046017346510010017806530021017907000036018119420008018479990017018559520157018721626736820160721151803.0100604s2011 enk frb 001 0 eng d a 2010023415 a9781405873505 aDLCbengcDLCdDLCdEG-ScBUE ae-uk---04a342.41bBRA2221 aBradley, A. W.q(Anthony Wilfred)94039510aConstitutional and administrative law /cA. W. Bradley, K. D. Ewing. a15th ed. aHarlow :aNew York :bLongman / Pearson Education,c2011. alxxv, 804 p. ;c25 cm. aIndex : p. 771-804. aBibliography : p. [761]-770.0 aDefinition and scope of constitutional law -- Sources and nature of the constitution -- The structure of the United Kingdom -- Parliamentary supremacy -- The relationship between legislature, executive and judiciary -- The rule of law -- Responsible and accountable government -- The United Kingdom and the European Union -- Composition and meeting of parliament -- Functions of parliament -- Privileges of parliament -- The Crown and the royal prerogative -- The cabinet, government departments and the civil service -- Public bodies and regulatory agencies -- Foreign affairs and the commonwealth -- The armed forces -- The treasury, public expenditure and the economy -- The courts and the machinery of justice -- The nature and protection of human rights -- Nationality, immigration and extradition -- The police and personal liberty -- The protection of privacy -- Freedom of expression -- Freedom of association and assembly -- State security and official secrets -- Emergency powers and terrorism -- Administrative law - an introduction -- Delegated legislation -- Administrative justice -- Judicial review of administrative action, I -- Judicial review of administrative action, II -- Liability of public authorities and the Crown. 0aConstitutional lawzGreat Britain.2BUEsh 0aAdministrative lawzGreat Britain.2BUEsh 2BUEsh bLLAAWWcJuly20161 aEwing, K. D.q(Keith D.)940398 2ddc c22007d21979 00102ddc40708BaccahaMAINbMAINc1STd2016-07-21ePurchaseg394.00h26080l6m16o342.41 BRAp000032918r2025-12-17 00:00:00s2025-12-07v492.50yBB